[Event "IECG CB.2006.0.00150 email"]
[Site "IECG email"]
[Date "2006.01.18"]
[Round "?"]
[White "Rolands, Bondars"]
[Black "Luers, Charles J"]
[Result "1/2-1/2"]
[WhiteElo "1969"]
[BlackElo "1800"]
[PlyCount "82"]
[EventDate "2006.01.18"]
[EventType "tourn (corr)"]
[EventRounds "6"]
[SourceTitle "Corr 2008"]
[Source "ChessBase"]
[SourceDate "2008.06.24"]
[SourceVersion "1"]
[SourceVersionDate "2008.06.24"]
[SourceQuality "1"]

1. d4 Nf6 2. c4 g6 3. Nc3 d5 4. cxd5 Nxd5 5. e4 Nxc3 6. bxc3 Bg7 7. Nf3 c5 8. Rb1 0-0 9. Be3 Nc6 10. Qd2 Bg4 11. d5 Bxf3 12. gxf3 Ne5 13. Be2 Qc8 14. h4 h5 15. Bh6 b6 16. Bxg7 Kxg7 17. f4 Ng4 18. f3 Nh6 19. f5 Kh7 20. Rg1 Rg8 21. Kd1 Rg7 22. fxg6+ fxg6 23. f4 e6 24. Kc2 Qd7 25. Bb5 Qd6 26. Bc4 Rf8 27. e5 Qd7 28. d6 Qa4+ 29. Bb3 Qe4+ 30. Qd3 Qxf4 31. Rbf1 Qh2+ 32. Qd2 Qxd2+ 33. Kxd2 Rgf7 34. Rxf7+ Nxf7 35. Re1 Nd8 36. Bc2 Rf2+ 37. Re2 Rxe2+ 38. Kxe2 Kh6 39. Kf3 g5 40. Kg3 b5 41. Bd3 a6 1/2-1/2